[Event "Moron Philidor CC op 17th"]
[Site "Moron"]
[Date "2018.09.04"]
[Round "1"]
[White "Gonzalez, Luis Federico"]
[Black "Medina, Gustavo"]
[Result "0-1"]
[WhiteElo "1718"]
[BlackElo "1990"]
[PlyCount "90"]
[EventDate "2018.09.04"]
[EventType "swiss"]
[EventRounds "6"]
[EventCountry "ARG"]
[SourceTitle "CBM 186 Extra"]
[Source "ChessBase"]
[SourceDate "2018.08.24"]
[SourceVersion "1"]
[SourceVersionDate "2018.08.24"]
[SourceQuality "1"]

1. d4 c5 2. d5 b5 3. e4 a6 4. c4 bxc4 5. Bxc4 d6 6. Ne2 Nf6 7. Nbc3 g6 8. f3 Bg7 9. 0-0 Nbd7 10. b3 0-0 11. Bb2 Nb6 12. Rb1 Nfd7 13. Qd2 Ne5 14. Bd3 Rb8 15. Ba1 Bb7 16. Nd1 e6 17. dxe6 fxe6 18. Ne3 Qe7 19. Rfd1 d5 20. exd5 exd5 21. Bxe5 Qxe5 22. Ng4 Qd6 23. Nc3 h5 24. Nf2 Be5 25. Qh6 Rf6 26. Nce4 dxe4 27. Bxe4 Bxh2+ 28. Kh1 Qxd1+ 29. Rxd1 Bf4 30. Qxg6+ Rxg6 31. Bxg6 Kg7 32. Be4 Bg3 33. Bxb7 Bxf2 34. Be4 Kf6 35. Rd6+ Ke5 36. Rd1 a5 37. a4 Bd4 38. g3 Nd7 39. Bc6 Nf6 40. Bb5 Nd5 41. Re1+ Ne3 42. Kh2 h4 43. gxh4 Kf4 44. Rg1 Rh8 45. Kh3 Bf6 0-1

[Event "Moron Philidor CC U2200 15th"]
[Site "Buenos Aires"]
[Date "2017.09.21"]
[Round "6"]
[White "Bascher, Jorge"]
[Black "Gonzalez, Luis Federico"]
[Result "0-1"]
[WhiteElo "1708"]
[BlackElo "1562"]
[PlyCount "86"]
[EventDate "2017.09.12"]
[EventType "swiss"]
[EventRounds "7"]
[EventCountry "ARG"]
[SourceTitle "CBM 180 Extra"]
[Source "ChessBase"]
[SourceDate "2017.10.06"]
[SourceVersion "1"]
[SourceVersionDate "2017.10.06"]
[SourceQuality "1"]

1. e4 g6 2. Nf3 Bg7 3. d4 d6 4. Bb5+ Bd7 5. Bc4 b5 6. Bb3 e6 7. Bg5 Ne7 8. h4 h6 9. Bf4 c5 10. c3 c4 11. Bc2 d5 12. Nbd2 Qb6 13. a3 Nbc6 14. Qe2 a5 15. 0-0 0-0 16. Qe3 h5 17. Bh6 b4 18. Rac1 bxa3 19. bxa3 Qb2 20. a4 Rab8 21. Bxg7 Kxg7 22. Nh2 Qa2 23. Ndf3 Na7 24. g4 Rg8 25. Kh1 Bxa4 26. Bxa4 Qxa4 27. Rg1 dxe4 28. Qxe4 Qc6 29. Qxc6 Naxc6 30. gxh5 Kh8 31. hxg6 Nxg6 32. Rg5 Nf4 33. Re1 Nd3 34. Rf1 f6 35. Rh5+ Kg7 36. Rg1+ Kf8 37. Rxg8+ Kxg8 38. Ng4 Kg7 39. Kg2 Nf4+ 40. Kf1 Rb1+ 41. Ne1 Nxh5 42. Ne3 Nf4 43. Nxc4 Nd3 0-1